| 000 | 00410cam a2200169ua 4500 | ||
|---|---|---|---|
| 020 | _c1.25 | ||
| 041 |
_amal _h |
||
| 082 |
_a894.8122 _bDAM/RA |
||
| 100 | _aDamodaran, Ponkunnam . | ||
| 245 |
_aRashtra silppi / _cPonkunnam Damodaran. _hTextual Documents |
||
| 260 |
_aQuilon : _bM.S Book Depot , _c1961. |
||
| 300 | _a100 ; . | ||
| 365 | _a1.25 | ||
| 504 | _a | ||
| 942 | _cBK | ||
| 999 |
_c1082 _d1082 |
||